| 000 | 01290nam a2200361 i 4500 | ||
|---|---|---|---|
| 999 |
_c4023 _d4023 |
||
| 001 | ocn664665171 | ||
| 003 | OCoLC | ||
| 005 | 20241224075206.0 | ||
| 008 | 220210s2011 nyua d 6 000 f eng d | ||
| 010 | _a2010036251 | ||
| 020 | _a9781596435520 | ||
| 040 |
_aDLC _cDLC _dIG# _dBTCTA _dZHI _dNTE _dJST _dWAU _dVP@ _dCaOL _dKH8 |
||
| 082 | _aFIC BRO | ||
| 100 | 1 |
_aBrosgol, Vera, _eauthor, _eillustrator. |
|
| 245 | 1 | 0 |
_aAnya's ghost / _cVera Brosgol. |
| 250 | _aFirst edition. | ||
| 264 | 1 |
_aNew York : _bFirst Second, _c2011. |
|
| 264 | 4 | _c©2011. | |
| 300 |
_a221 pages : _bchiefly illustrations ; _c22 cm. |
||
| 336 |
_atext _btxt _2rdacontent. |
||
| 336 |
_astill image _2rdacontent. |
||
| 337 |
_aunmediated _bn _2rdamedia. |
||
| 338 |
_avolume _bnc _2rdacarrier. |
||
| 520 | _aAnya, embarrassed by her Russian immigrant family and self-conscious about her body, has given up on fitting in at school but falling down a well and making friends with the ghost there just may be worse. | ||
| 650 | 0 |
_aRussian Americans _vFiction. |
|
| 650 | 0 |
_aInterpersonal relations _vFiction. |
|
| 650 | 0 |
_aSelf-esteem _vFiction. |
|
| 650 | 0 |
_aSchools _vFiction. |
|
| 650 | 7 |
_aFantasy fiction. _2genre. |
|
| 650 | 7 |
_aGhost stories. _2genre. |
|
| 650 | 7 |
_aGraphic novels. _2genre. |
|
| 942 |
_2ddc _cGN |
||